000 00633nam a2200229Ia 4500
003 OSt
005 20220926013038.0
006 a|||||r|||| 00| 0
007 ta
008 220923b |||||||| |||| 00| 0 eng d
037 _cGeneral Book
040 _aRTL
_cRTL
_beng
041 _2eng
_aeng
082 _aX:8:(S:44), L7
100 _aHeirs Ben
_9317768
245 0 _aMind of the organization
260 _aNew York
_bHarper and Row
_c1977
300 _axv, 138p.
_ccm.
700 _a Pehroson Gordon
_9317769
942 _hX:8:(S:44), L7
_cGB
_2CC
999 _c625059
_d625059